[Event "Fagernes GM Swiss 2020"]
[Site "Fagernes"]
[Date "2020.10.05"]
[Round "2.10"]
[White "Skaslien, Ingrid"]
[Black "Elsness, Frode"]
[Result "0-1"]
[WhiteElo "1976"]
[BlackElo "2454"]
[Annotator "ChessBase"]
[PlyCount "98"]
[EventDate "2020.10.04"]
[EventType "swiss"]
[EventCountry "NOR"]
[SourceTitle "playchess.com"]
[Source "ChessBase"]
[SourceQuality "1"]
[TimeControl "40/6000+30:2400+30"]

1. d4 {[%emt 0:00:00]} Nf6 {[%emt 0:03:00]} 2. c4 {[%emt 0:00:00]} e6 {[%emt 0:00:35]} 3. Nc3 {[%emt 0:00:06]} Bb4 {[%emt 0:00:18]} 4. e3 {[%emt 0:00:36]} O-O {[%emt 0:00:40]} 5. Bd3 {[%emt 0:00:24]} d5 {[%emt 0:00:22]} 6. Nge2 {[%emt 0:02:50]} b6 {[%emt 0:04:42]} 7. cxd5 {[%emt 0:02:45]} exd5 {[%emt 0:00:54]} 8. O-O {[%emt 0:00:53]} Bb7 {[%emt 0:02:43]} 9. Bd2 {[%emt 0:08:09]} Bd6 {[%emt 0:02:54]} 10. Ng3 {[%emt 0:09:17]} Re8 {[%emt 0:03:37]} 11. Rc1 {[%emt 0:11:46]} a6 {[%emt 0:02:56]} 12. Nf5 {[%emt 0:06:33]} Bf8 {[%emt 0:01:23]} 13. Qb3 {[%emt 0:13:29]} Nbd7 {[%emt 0:05:56]} 14. Na4 {[%emt 0:05:09]} g6 {[%emt 0:08:43]} 15. Ng3 {[%emt 0:01:27]} Rb8 {[%emt 0:01:19]} 16. Bb4 {[%emt 0:08:56]} Bg7 {[%emt 0:09:52]} 17. Qc2 {[%emt 0:02:22]} Rc8 {[%emt 0:03:28]} 18. Qe2 {[%emt 0:02:46]} a5 {[%emt 0:08:39]} 19. Ba3 {[%emt 0:01:16]} c6 {[%emt 0:06:17]} 20. b4 {[%emt 0:06:41]} Bf8 {[%emt 0:04:28]} 21. Qb2 {[%emt 0:01:54]} Qe7 {[%emt 0:04:05]} 22. Rb1 {[%emt 0:00:45]} Ra8 {[%emt 0:05:58]} 23. Bc2 {[%emt 0:01:21]} Ba6 {[%emt 0:04:11]} 24. Rfc1 {[%emt 0:02:39]} Bc4 {[%emt 0:05:02]} 25. Nf1 {[%emt 0:04:33]} axb4 {[%emt 0:02:32]} 26. Bxb4 {[%emt 0:00:13]} Qxb4 {[%emt 0:01:04]} 27. Qxb4 {[%emt 0:00:05]} Bxb4 {[%emt 0:00:03]} 28. Rxb4 {[%emt 0:00:06]} b5 {[%emt 0:01:06]} 29. Nc3 {[%emt 0:04:58]} Bxa2 {[%emt 0:00:33]} 30. Nxa2 {[%emt 0:00:19]} Rxa2 {[%emt 0:00:01]} 31. Bb1 {[%emt 0:00:46]} Ra6 {[%emt 0:00:41]} 32. Nd2 {[%emt 0:00:56]} Re6 {[%emt 0:02:57]} 33. Nb3 {[%emt 0:01:30]} Ne8 {[%emt 0:01:46]} 34. Nc5 {[%emt 0:01:38]} Nxc5 {[%emt 0:00:05]} 35. dxc5 {[%emt 0:00:13]} Nc7 {[%emt 0:03:24]} 36. Bd3 {[%emt 0:05:41]} Re8 {[%emt 0:01:22]} 37. e4 {[%emt 0:00:32]} Ra3 {[%emt 0:01:11]} 38. Bb1 {[%emt 0:01:31]} Ra1 {[%emt 0:03:20]} 39. exd5 {[%emt 0:01:04]} Nxd5 {[%emt 0:00:14]} 40. Rb3 {[%emt 0:01:00]} Re5 {[%emt 0:04:22]} 41. g3 {[%emt 0:05:18]} Nc7 {[%emt 0:04:32]} 42. Kg2 {[%emt 0:05:42]} Na6 {[%emt 0:11:40]} 43. Re3 {[%emt 0:15:00]} Rxe3 {[%emt 0:07:29]} 44. fxe3 {[%emt 0:00:30]} b4 {[%emt 0:00:30]} 45. Kf3 {[%emt 0:00:30]} Ra4 {[%emt 0:00:30]} 46. Kg2 {[%emt 0:00:09]} Ra1 {[%emt 0:00:30]} 47. Kf3 {[%emt 0:01:48]} b3 {[%emt 0:02:35]} 48. Ke2 {[%emt 0:05:24]} Nxc5 {[%emt 0:02:19]} 49. Rxc5 {[%emt 0:00:33]} Rxb1 {[%emt 0:00:03]} 0-1

[Event "Fagernes GM Swiss 2020"]
[Site "Fagernes"]
[Date "2020.10.05"]
[Round "2.11"]
[White "Kaasen, Tor Fredrik"]
[Black "Skotheim, Andreas"]
[Result "1/2-1/2"]
[WhiteElo "2386"]
[BlackElo "2120"]
[Annotator "NA"]
[PlyCount "94"]
[EventDate "2020.10.04"]
[EventType "swiss"]
[EventCountry "NOR"]
[SourceTitle "playchess.com"]
[Source "ChessBase"]
[SourceQuality "1"]
[TimeControl "40/6000+30:2400+30"]

1. e4 {[%emt 0:03:24]} e5 {[%emt 0:00:00]} 2. Nf3 {[%emt 0:01:08]} Nc6 {[%emt 0:00:09]} 3. Bb5 {[%emt 0:01:19]} a6 {[%emt 0:00:13]} 4. Ba4 {[%emt 0:00:36]} Nf6 {[%emt 0:00:21]} 5. O-O {[%emt 0:00:34]} Be7 {[%emt 0:00:16]} 6. Re1 {[%emt 0:01:12]} b5 {[%emt 0:00:27]} 7. Bb3 {[%emt 0:00:14]} O-O {[%emt 0:01:02]} 8. a4 {[%emt 0:00:51]} b4 {[%emt 0:02:55]} 9. d4 {[%emt 0:00:57]} d6 {[%emt 0:01:42]} 10. dxe5 {[%emt 0:00:40]} Nxe5 {[%emt 0:01:54]} 11. Nxe5 {[%emt 0:03:25]} dxe5 {[%emt 0:00:07]} 12. Qf3 {[%emt 0:00:09]} Bb7 {[%emt 0:09:17]} 13. Nd2 {[%emt 0:02:04]} Nd7 {[%emt 0:23:25]} 14. Bc4 {[%emt 0:11:33]} Bc5 {[%emt 0:07:15]} 15. Qg3 {[%emt 0:03:44]} Qf6 {[%emt 0:23:39]} 16. Nf3 {[%emt 0:04:36]} Qg6 {[%emt 0:04:04]} 17. Qh3 {[%emt 0:08:16]} Rad8 {[%emt 0:05:13]} 18. a5 {[%emt 0:10:41]} Bc8 {[%emt 0:02:44]} 19. Qh4 {[%emt 0:08:49]} h6 {[%emt 0:02:25]} 20. Be3 {[%emt 0:05:38]} Bd6 {[%emt 0:05:00]} 21. Rad1 {[%emt 0:04:49]} Nf6 {[%emt 0:01:08]} 22. Nd2 {[%emt 0:08:13]} Qg4 {[%emt 0:04:53]} 23. Qxg4 {[%emt 0:02:28]} Nxg4 {[%emt 0:00:06]} 24. Ba7 {[%emt 0:00:41]} Nf6 {[%emt 0:00:59]} 25. f3 {[%emt 0:01:33]} Nd7 {[%emt 0:00:45]} 26. Nb3 {[%emt 0:00:39]} Bb7 {[%emt 0:00:00]} 27. Bf2 {[%emt 0:02:19]} g6 {[%emt 0:02:03]} 28. Rd2 {[%emt 0:05:35]} Kg7 {[%emt 0:01:34]} 29. Bh4 {[%emt 0:03:47]} Rde8 {[%emt 0:01:50]} 30. Red1 {[%emt 0:01:34]} Nc5 {[%emt 0:01:10]} 31. Rxd6 {[%emt 0:05:53]} cxd6 {[%emt 0:00:08]} 32. Rxd6 {[%emt 0:00:07]} Na4 {[%emt 0:05:07]} 33. Bf6+ {[%emt 0:00:38]} Kg8 {[%emt 0:00:11]} 34. Rd7 {[%emt 0:06:14]} Bc6 {[%emt 0:01:36]} 35. Rc7 {[%emt 0:00:23]} Bb5 {[%emt 0:00:16]} 36. Bxb5 {[%emt 0:02:22]} axb5 {[%emt 0:00:06]} 37. Rb7 {[%emt 0:00:27]} Re6 {[%emt 0:01:13]} 38. Be7 {[%emt 0:00:20]} Rc8 {[%emt 0:00:15]} 39. Bxb4 {[%emt 0:00:34]} Rxc2 {[%emt 0:00:46]} 40. Rb8+ {[%emt 0:00:27]} Kh7 {[%emt 0:02:11]} 41. Ba3 {[%emt 0:03:52]} Nxb2 {[%emt 0:05:45]} 42. Rxb5 {[%emt 0:03:38]} Nc4 {[%emt 0:03:46]} 43. Bc5 {[%emt 0:01:02]} Rb2 {[%emt 0:04:19]} 44. Rb7 {[%emt 0:05:32]} Kg7 {[%emt 0:06:30]} 45. Rb4 {[%emt 0:00:28]} Ra6 {[%emt 0:16:48]} 46. Rxc4 {[%emt 0:02:26]} Rxb3 {[%emt 0:00:08]} 47. Bb6 {[%emt 0:00:06]} Rbxb6 {[%emt 0:01:01]} 1/2-1/2

[Event "Fagernes GM Swiss 2020"]
[Site "Fagernes"]
[Date "2020.10.05"]
[Round "2.12"]
[White "Galinsky, Timofey"]
[Black "Vestby-Ellingsen, Mads"]
[Result "1/2-1/2"]
[WhiteElo "2370"]
[BlackElo "2362"]
[Annotator "NA"]
[PlyCount "151"]
[EventDate "2020.10.04"]
[EventType "swiss"]
[EventCountry "NOR"]
[SourceTitle "playchess.com"]
[Source "ChessBase"]
[SourceQuality "1"]
[TimeControl "40/6000+30:2400+30"]

1. d4 {[%emt 0:00:00]} Nf6 {[%emt 0:00:00]} 2. c3 {[%emt 0:00:00]} g6 {[%emt 0:00:24]} 3. Bf4 {[%emt 0:00:35]} Bg7 {[%emt 0:00:36]} 4. Nf3 {[%emt 0:01:23]} O-O {[%emt 0:00:58]} 5. e3 {[%emt 0:01:20]} d6 {[%emt 0:00:25]} 6. h3 {[%emt 0:02:13]} Nbd7 {[%emt 0:02:16]} 7. Bc4 {[%emt 0:08:52]} c5 {[%emt 0:03:36]} 8. Nbd2 {[%emt 0:02:55]} b6 {[%emt 0:06:54]} 9. O-O {[%emt 0:03:21]} Bb7 {[%emt 0:00:34]} 10. a4 {[%emt 0:02:18]} a6 {[%emt 0:08:55]} 11. Qe2 {[%emt 0:03:22]} Ra7 {[%emt 0:02:52]} 12. Bh2 {[%emt 0:12:34]} Qa8 {[%emt 0:01:23]} 13. Rfd1 {[%emt 0:00:29]} Ne4 {[%emt 0:18:37]} 14. Nf1 {[%emt 0:15:14]} Ndf6 {[%emt 0:05:22]} 15. Ne1 {[%emt 0:02:12]} Nd7 {[%emt 0:08:08]} 16. f3 {[%emt 0:07:02]} Nef6 {[%emt 0:00:16]} 17. Nd3 {[%emt 0:00:35]} Rc8 {[%emt 0:04:30]} 18. Nf2 {[%emt 0:07:05]} cxd4 {[%emt 0:18:33]} 19. exd4 {[%emt 0:00:26]} Nf8 {[%emt 0:01:51]} 20. Ne3 {[%emt 0:02:34]} Nd5 {[%emt 0:00:53]} 21. Nxd5 {[%emt 0:02:45]} Bxd5 {[%emt 0:00:11]} 22. Bxd5 {[%emt 0:00:33]} Qxd5 {[%emt 0:00:08]} 23. Nd3 {[%emt 0:00:16]} Qc4 {[%emt 0:04:39]} 24. Re1 {[%emt 0:01:31]} Ne6 {[%emt 0:06:15]} 25. Bg3 {[%emt 0:02:30]} Bf6 {[%emt 0:06:09]} 26. Bf2 {[%emt 0:00:44]} a5 {[%emt 0:00:50]} 27. f4 {[%emt 0:04:54]} Qd5 {[%emt 0:03:31]} 28. g4 {[%emt 0:02:27]} Rb7 {[%emt 0:00:52]} 29. Kh2 {[%emt 0:07:12]} b5 {[%emt 0:00:55]} 30. axb5 {[%emt 0:00:08]} Qxb5 {[%emt 0:00:23]} 31. Qf3 {[%emt 0:01:05]} Rbc7 {[%emt 0:02:12]} 32. Ra2 {[%emt 0:03:38]} Nd8 {[%emt 0:00:51]} 33. f5 {[%emt 0:04:38]} g5 {[%emt 0:01:23]} 34. Bg3 {[%emt 0:01:15]} Ra7 {[%emt 0:00:27]} 35. Nb4 {[%emt 0:05:02]} Kg7 {[%emt 0:01:08]} 36. Nd5 {[%emt 0:00:41]} Qb3 {[%emt 0:00:20]} 37. Nxf6 {[%emt 0:02:48]} Qxa2 {[%emt 0:00:40]} 38. Nh5+ {[%emt 0:00:05]} Kg8 {[%emt 0:00:27]} 39. Bxd6 {[%emt 0:02:02]} Qxb2+ {[%emt 0:00:24]} 40. Re2 {[%emt 0:00:04]} Qxc3 {[%emt 0:00:40]} 41. Qxc3 {[%emt 0:40:34]} Rxc3 {[%emt 0:40:12]} 42. Bxe7 {[%emt 0:00:06]} Rxe7 {[%emt 0:00:00]} 43. Rxe7 {[%emt 0:00:00]} Kf8 {[%emt 0:00:00]} 44. f6 {[%emt 0:00:00]} Rc6 {[%emt 0:00:00]} 45. Rd7 {[%emt 0:00:00]} Ke8 {[%emt 0:00:00]} 46. Rd5 {[%emt 0:00:00]} Ne6 {[%emt 0:00:00]} 47. Re5 {[%emt 0:00:00]} a4 {[%emt 0:00:00]} 48. d5 {[%emt 0:00:00]} Rc5 {[%emt 0:00:00]} 49. Re4 {[%emt 0:00:00]} Rxd5 {[%emt 0:00:00]} 50. Rxa4 {[%emt 0:00:00]} Rd2+ {[%emt 0:00:00]} 51. Kg3 {[%emt 0:00:00]} Rd3+ {[%emt 0:00:00]} 52. Kg2 {[%emt 0:00:00]} Rd2+ {[%emt 0:00:00]} 53. Kf3 {[%emt 0:00:00]} Rd3+ {[%emt 0:00:00]} 54. Ke2 {[%emt 0:00:00]} Rxh3 {[%emt 0:00:00]} 55. Ra7 {[%emt 0:00:18]} Nf4+ {[%emt 0:00:00]} 56. Nxf4 {[%emt 0:00:06]} gxf4 {[%emt 0:00:00]} 57. Re7+ {[%emt 0:02:03]} Kf8 {[%emt 0:00:00]} 58. Re4 {[%emt 0:02:31]} h6 {[%emt 0:02:10]} 59. Rxf4 {[%emt 0:00:41]} Kg8 {[%emt 0:00:11]} 60. Rf5 {[%emt 0:01:02]} Kh7 {[%emt 0:00:36]} 61. Kf2 {[%emt 0:01:02]} Kg6 {[%emt 0:00:47]} 62. Kg2 {[%emt 0:00:04]} Rc3 {[%emt 0:00:14]} 63. Kh2 {[%emt 0:00:03]} Rc6 {[%emt 0:00:41]} 64. Kg3 {[%emt 0:00:03]} Rd6 {[%emt 0:02:57]} 65. Rh5 {[%emt 0:00:53]} Rxf6 {[%emt 0:00:12]} 66. Ra5 {[%emt 0:00:03]} Re6 {[%emt 0:00:21]} 67. Rb5 {[%emt 0:00:07]} f6 {[%emt 0:00:48]} 68. Ra5 {[%emt 0:00:06]} Re5 {[%emt 0:00:10]} 69. Ra8 {[%emt 0:00:21]} Rb5 {[%emt 0:00:20]} 70. Ra3 {[%emt 0:00:14]} Kg5 {[%emt 0:00:38]} 71. Rc3 {[%emt 0:00:12]} Re5 {[%emt 0:00:23]} 72. Ra3 {[%emt 0:00:13]} h5 {[%emt 0:01:10]} 73. gxh5 {[%emt 0:00:03]} f5 {[%emt 0:00:08]} 74. h6 {[%emt 0:00:16]} Kxh6 {[%emt 0:00:10]} 75. Kf4 {[%emt 0:00:07]} Re4+ {[%emt 0:00:07]} 76. Kxf5 {[%emt 0:08:04]} 1/2-1/2

[Event "Fagernes GM Swiss 2020"]
[Site "Fagernes"]
[Date "2020.10.05"]
[Round "2.13"]
[White "Mansoor, Afras"]
[Black "Holleland, Sigve"]
[Result "0-1"]
[WhiteElo "2117"]
[BlackElo "2133"]
[Annotator "NA"]
[PlyCount "120"]
[EventDate "2020.10.04"]
[EventType "swiss"]
[EventCountry "NOR"]
[SourceTitle "playchess.com"]
[Source "ChessBase"]
[SourceQuality "1"]
[TimeControl "40/6000+30:2400+30"]

1. c4 {[%emt 0:00:00]} c6 {[%emt 0:07:54]} 2. g3 {[%emt 0:00:00]} d5 {[%emt 0:00:12]} 3. Bg2 {[%emt 0:00:00]} Nf6 {[%emt 0:00:15]} 4. Nf3 {[%emt 0:00:00]} Nbd7 {[%emt 0:00:54]} 5. d4 {[%emt 0:05:00]} e6 {[%emt 0:01:45]} 6. O-O {[%emt 0:00:07]} dxc4 {[%emt 0:01:29]} 7. Qc2 {[%emt 0:10:00]} b5 {[%emt 0:02:11]} 8. b3 {[%emt 0:03:06]} cxb3 {[%emt 0:02:19]} 9. Qxc6 {[%emt 0:01:31]} Rb8 {[%emt 0:00:38]} 10. axb3 {[%emt 0:03:04]} Bb7 {[%emt 0:03:10]} 11. Qc2 {[%emt 0:00:07]} Qb6 {[%emt 0:03:52]} 12. Nbd2 {[%emt 0:04:36]} Be7 {[%emt 0:03:17]} 13. e4 {[%emt 0:05:39]} O-O {[%emt 0:06:00]} 14. Bb2 {[%emt 0:00:12]} Rbc8 {[%emt 0:02:04]} 15. Qd3 {[%emt 0:01:31]} a5 {[%emt 0:02:15]} 16. Rfc1 {[%emt 0:11:35]} h6 {[%emt 0:09:10]} 17. h3 {[%emt 0:15:19]} Ba6 {[%emt 0:05:18]} 18. Bf1 {[%emt 0:02:07]} Nb8 {[%emt 0:02:22]} 19. Qe3 {[%emt 0:05:47]} Nc6 {[%emt 0:04:01]} 20. g4 {[%emt 0:06:02]} Nb4 {[%emt 0:05:03]} 21. Bc3 {[%emt 0:01:21]} Bb7 {[%emt 0:02:21]} 22. Qe2 {[%emt 0:04:26]} Rfd8 {[%emt 0:07:10]} 23. Ne5 {[%emt 0:10:00]} Rxc3 {[%emt 0:07:29]} 24. Rxc3 {[%emt 0:00:04]} Qxd4 {[%emt 0:00:09]} 25. Rac1 {[%emt 0:04:26]} Qxe5 {[%emt 0:01:16]} 26. Nf3 {[%emt 0:04:31]} Qxe4 {[%emt 0:03:00]} 27. Qxb5 {[%emt 0:00:32]} Na2 {[%emt 0:08:25]} 28. Re3 {[%emt 0:03:30]} Qb4 {[%emt 0:01:54]} 29. Rc7 {[%emt 0:03:45]} Bxf3 {[%emt 0:04:07]} 30. Rxf3 {[%emt 0:01:03]} Nd5 {[%emt 0:05:37]} 31. Ra7 {[%emt 0:01:23]} Nac3 {[%emt 0:02:14]} 32. Qxa5 {[%emt 0:01:12]} Qxa5 {[%emt 0:01:11]} 33. Rxa5 {[%emt 0:00:02]} Rb8 {[%emt 0:00:38]} 34. Ra7 {[%emt 0:01:05]} Nb5 {[%emt 0:03:15]} 35. Rd7 {[%emt 0:02:04]} Nd4 {[%emt 0:00:45]} 36. Rd3 {[%emt 0:01:29]} Bf6 {[%emt 0:00:15]} 37. Bg2 {[%emt 0:00:32]} Nf4 {[%emt 0:00:49]} 38. Rd2 {[%emt 0:00:58]} Rxb3 {[%emt 0:01:01]} 39. Kh2 {[%emt 0:00:47]} Nf3+ {[%emt 0:00:19]} 40. Bxf3 {[%emt 0:00:07]} Rxf3 {[%emt 0:00:05]} 41. Rb7 {[%emt 0:01:14]} Rxh3+ {[%emt 0:00:19]} 42. Kg1 {[%emt 0:00:03]} Rd3 {[%emt 0:02:59]} 43. Rc2 {[%emt 0:01:03]} Rd1+ {[%emt 0:00:51]} 44. Kh2 {[%emt 0:00:06]} Be5 {[%emt 0:00:54]} 45. Rc8+ {[%emt 0:01:05]} Kh7 {[%emt 0:00:07]} 46. Rxf7 {[%emt 0:00:50]} Ng6+ {[%emt 0:02:43]} 47. Kh3 {[%emt 0:00:33]} Rd3+ {[%emt 0:00:31]} 48. Kg2 {[%emt 0:00:40]} Nf4+ {[%emt 0:01:52]} 49. Kg1 {[%emt 0:05:45]} Kg6 {[%emt 0:01:18]} 50. Rb7 {[%emt 0:00:44]} Kg5 {[%emt 0:01:27]} 51. Rb5 {[%emt 0:03:49]} Rd1+ {[%emt 0:00:49]} 52. Kh2 {[%emt 0:00:10]} Nd5+ {[%emt 0:01:11]} 53. Kg2 {[%emt 0:02:22]} Kxg4 {[%emt 0:00:31]} 54. Rc4+ {[%emt 0:03:03]} Nf4+ {[%emt 0:01:04]} 55. Kh2 {[%emt 0:00:08]} Kf5 {[%emt 0:00:28]} 56. Kg3 {[%emt 0:01:36]} g5 {[%emt 0:01:53]} 57. Ra4 {[%emt 0:06:11]} h5 {[%emt 0:01:52]} 58. Raa5 {[%emt 0:01:07]} h4+ {[%emt 0:00:30]} 59. Kh2 {[%emt 0:00:26]} Nd5+ {[%emt 0:00:56]} 60. Kg2 {[%emt 0:00:15]} g4 {[%emt 0:01:02]} 0-1

[Event "Fagernes GM Swiss 2020"]
[Site "Fagernes"]
[Date "2020.10.05"]
[Round "2.14"]
[White "Bjerke, Richard"]
[Black "Dahl, Trygve"]
[Result "0-1"]
[WhiteElo "2144"]
[BlackElo "2211"]
[Annotator "ChessBase"]
[PlyCount "50"]
[EventDate "2020.10.04"]
[EventType "swiss"]
[EventCountry "NOR"]
[SourceTitle "playchess.com"]
[Source "ChessBase"]
[SourceQuality "1"]
[TimeControl "40/6000+30:2400+30"]

1. d4 {[%emt 0:00:00]} f5 {[%emt 0:00:14]} 2. g3 {[%emt 0:00:05]} Nf6 {[%emt 0:03:07]} 3. Bg2 {[%emt 0:00:24]} e6 {[%emt 0:01:06]} 4. Nf3 {[%emt 0:00:30]} Be7 {[%emt 0:00:27]} 5. c4 {[%emt 0:00:36]} d6 {[%emt 0:00:35]} 6. Nc3 {[%emt 0:00:27]} O-O {[%emt 0:00:05]} 7. O-O {[%emt 0:00:11]} Ne4 {[%emt 0:00:04]} 8. Qc2 {[%emt 0:02:57]} Nxc3 {[%emt 0:00:07]} 9. Qxc3 {[%emt 0:00:56]} Bf6 {[%emt 0:00:04]} 10. Rd1 {[%emt 0:05:50]} a5 {[%emt 0:02:13]} 11. Qc2 {[%emt 0:06:46]} Nc6 {[%emt 0:09:14]} 12. e4 {[%emt 0:03:32]} Qe8 {[%emt 0:05:43]} 13. exf5 {[%emt 0:04:12]} exf5 {[%emt 0:01:19]} 14. a3 {[%emt 0:05:24]} a4 {[%emt 0:01:48]} 15. Bf4 {[%emt 0:04:37]} Qh5 {[%emt 0:00:56]} 16. c5 {[%emt 0:03:21]} g5 {[%emt 0:02:24]} 17. Qc4+ {[%emt 0:05:21]} Kh8 {[%emt 0:00:26]} 18. Be3 {[%emt 0:04:53]} f4 {[%emt 0:01:05]} 19. gxf4 {[%emt 0:03:23]} gxf4 {[%emt 0:04:02]} 20. Bxf4 {[%emt 0:00:35]} Bg4 {[%emt 0:00:36]} 21. Rd3 {[%emt 0:01:51]} Bg7 {[%emt 0:02:51]} 22. d5 {[%emt 0:03:51]} Na5 {[%emt 0:01:26]} 23. Qxa4 {[%emt 0:01:24]} Qf5 {[%emt 0:01:43]} 24. Rd4 {[%emt 0:00:25]} Bxf3 {[%emt 0:00:57]} 25. Bxf3 {[%emt 0:00:29]} Nb3 {[%emt 0:00:06]} 0-1

[Event "Fagernes GM Swiss 2020"]
[Site "Fagernes"]
[Date "2020.10.05"]
[Round "2.15"]
[White "Bentsen, Hakon"]
[Black "Shehzad, Shazil"]
[Result "0-1"]
[WhiteElo "2120"]
[BlackElo "2188"]
[Annotator "ChessBase"]
[PlyCount "48"]
[EventDate "2020.10.04"]
[EventType "swiss"]
[EventCountry "NOR"]
[SourceTitle "playchess.com"]
[Source "ChessBase"]
[SourceQuality "1"]
[TimeControl "40/6000+30:2400+30"]

1. e4 {[%emt 0:00:00]} c5 {[%emt 0:00:00]} 2. Nf3 {[%emt 0:00:00]} d6 {[%emt 0:00:02]} 3. d4 {[%emt 0:00:00]} cxd4 {[%emt 0:00:07]} 4. Nxd4 {[%emt 0:00:00]} Nf6 {[%emt 0:00:05]} 5. Nc3 {[%emt 0:00:02]} a6 {[%emt 0:00:05]} 6. Be2 {[%emt 0:00:26]} e5 {[%emt 0:00:07]} 7. Nb3 {[%emt 0:00:06]} Be7 {[%emt 0:00:06]} 8. O-O {[%emt 0:00:18]} O-O {[%emt 0:00:04]} 9. Be3 {[%emt 0:01:32]} Be6 {[%emt 0:00:06]} 10. Qd2 {[%emt 0:00:19]} Nc6 {[%emt 0:02:47]} 11. a4 {[%emt 0:02:29]} Rc8 {[%emt 0:01:21]} 12. Rfd1 {[%emt 0:01:49]} Re8 {[%emt 0:05:59]} 13. a5 {[%emt 0:01:48]} Nb4 {[%emt 0:06:51]} 14. Bf3 {[%emt 0:04:23]} Qc7 {[%emt 0:03:23]} 15. Ra4 {[%emt 0:03:22]} d5 {[%emt 0:19:32]} 16. exd5 {[%emt 0:04:48]} Nbxd5 {[%emt 0:01:55]} 17. Nxd5 {[%emt 0:06:12]} Nxd5 {[%emt 0:04:58]} 18. Bxd5 {[%emt 0:00:06]} Bxd5 {[%emt 0:00:31]} 19. Qxd5 {[%emt 0:02:41]} Red8 {[%emt 0:00:56]} 20. Qf3 {[%emt 0:01:23]} Qxc2 {[%emt 0:00:24]} 21. Raa1 {[%emt 0:12:59]} e4 {[%emt 0:03:06]} 22. Qg4 {[%emt 0:02:55]} f5 {[%emt 0:00:29]} 23. Nd4 {[%emt 0:00:18]} Rxd4 {[%emt 0:00:37]} 24. Rdc1 {[%emt 0:00:35]} Qxc1+ {[%emt 0:00:09]} 0-1

[Event "Fagernes GM Swiss 2020"]
[Site "Fagernes"]
[Date "2020.10.05"]
[Round "2.16"]
[White "Torngren, Gustav"]
[Black "Fuglestein, Sander"]
[Result "1-0"]
[WhiteElo "2185"]
[BlackElo "2109"]
[Annotator "ChessBase"]
[PlyCount "45"]
[EventDate "2020.10.04"]
[EventType "swiss"]
[EventCountry "NOR"]
[SourceTitle "playchess.com"]
[Source "ChessBase"]
[SourceQuality "1"]
[TimeControl "40/6000+30:2400+30"]

1. e4 {[%emt 0:00:00]} c6 {[%emt 0:00:00]} 2. d4 {[%emt 0:00:00]} d5 {[%emt 0:00:00]} 3. e5 {[%emt 0:00:00]} Bf5 {[%emt 0:00:00]} 4. h4 {[%emt 0:00:03]} h5 {[%emt 0:00:16]} 5. Bd3 {[%emt 0:00:21]} Bxd3 {[%emt 0:00:14]} 6. Qxd3 {[%emt 0:00:03]} e6 {[%emt 0:00:14]} 7. Bg5 {[%emt 0:00:10]} Qb6 {[%emt 0:01:11]} 8. Nd2 {[%emt 0:01:29]} Qa6 {[%emt 0:02:45]} 9. c4 {[%emt 0:00:32]} Bb4 {[%emt 0:02:29]} 10. b3 {[%emt 0:00:02]} Ne7 {[%emt 0:01:38]} 11. Ne2 {[%emt 0:00:04]} Nf5 {[%emt 0:02:01]} 12. Ng3 {[%emt 0:17:24]} Nxg3 {[%emt 0:01:33]} 13. fxg3 {[%emt 0:01:35]} Nd7 {[%emt 0:04:42]} 14. O-O {[%emt 0:01:27]} Bxd2 {[%emt 0:11:15]} 15. Qxd2 {[%emt 0:08:59]} dxc4 {[%emt 0:13:15]} 16. Qf4 {[%emt 0:07:53]} Rf8 {[%emt 0:05:14]} 17. Qf3 {[%emt 0:17:38]} Qb5 {[%emt 0:13:42]} 18. Qxh5 {[%emt 0:06:20]} cxb3 {[%emt 0:02:57]} 19. axb3 {[%emt 0:00:04]} Nb6 {[%emt 0:16:57]} 20. Ra2 {[%emt 0:04:26]} Qd3 {[%emt 0:04:24]} 21. Rxf7 {[%emt 0:09:27]} Rxf7 {[%emt 0:02:51]} 22. Rf2 {[%emt 0:00:36]} g6 {[%emt 0:00:32]} 23. Qh8+ {[%emt 0:00:08]} 1-0